000 00587nam a2200205 a 4500
001 16968
003 CO-ViMGA
008 141112s2004 ck r 000 u spa d
020 _a9682460905
040 _aCO-ViMGA
_bspa
_cCO-ViMGA
082 0 4 _a646.724 L378m
100 1 _aLesur, Luis
245 1 0 _aManual de corte de pelo para mujer , una guía paso a paso
260 _aMexico,
_cTrillas,
_c2000
300 _a80.p.il.
590 _aForma de adquisición : Premio - Mincultura
650 1 4 _aBELLEZA PERSONAL
_915567
650 1 4 _aCABELLO - CUIDADO E HIGIENE
_924047
942 _2ddc
_cBK
999 _c6632
_d6632